Il Vangelo Di Nosferatu Un misterioso manoscritto una cospirazione letale un folle assasino

Gardado en:
Detalles Bibliográficos
Autor Principal: James Becker
Formato: Libro
Idioma:lingua descoñecida ou non válida
Publicado: Newton Compton Editori
Tags: Engadir etiqueta
Sen Etiquetas, Sexa o primeiro en etiquetar este rexistro!

MARC

LEADER 00000nam a2200000Ia 4500
001 R-880
003 CODICE-MESSINA
005 20260212102458.0
008 260211s9999 xx 000 0 und d
040 |c importazione_messina 
100 |a James Becker 
245 0 |a Il Vangelo Di Nosferatu 
245 0 |b Un misterioso manoscritto una cospirazione letale un folle assasino 
260 |b Newton Compton Editori 
942 |2 ddc  |c BK 
952 |0 0  |1 0  |2 ddc  |4 0  |6 SCAFFALE_8_000000000000000__ROMANZI  |7 0  |9 31707  |a ME  |b ME  |d 2026-02-11  |l 0  |o SCAFFALE 8 - ROMANZI  |p R-880  |r 2026-02-11 23:52:43  |w 2026-02-11  |x [REVISIONARE]  |y BK 
999 |c 27372  |d 27372